000 00333nam a2200121Ia 4500
008 250110s9999 xx 000 0 und d
041 _aeng
100 _aVichare Purva
245 _aProposed Depression And Stress Relief Centre
260 _bFinal Year B.Arch ID, Pune
_c2011
300 _a95p
700 _aGuide Name:Modak S
_9209832
999 _c363022
_d363022